கிறு கிறு வானம் /

Saved in:
Bibliographic Details
Main Author: எஸ்.ராமகிருஷ்ணன்
Format: Book
Language:English
Tamil
Published: சென்னை : தேசாந்திாி பதிப்பகம், 2022.
Subjects:
Tags: Add Tag
No Tags, Be the first to tag this record!

MARC

LEADER 00000nam a22000007a 4500
005 20260410100322.0
008 260410b |||||||| |||| 00| 0 eng d
020 |a 9789387484887 
041 |a tam 
082 |a 894.8113  |b ராமகி 
100 |a எஸ்.ராமகிருஷ்ணன்  |9 117159 
245 |a கிறு கிறு வானம் / 
260 |a சென்னை :  |b தேசாந்திாி பதிப்பகம்,  |c 2022. 
300 |a 66 பக்.  |b ill;  |c 21.4 Cm. 
650 |a தமிழ் புனைகதை/நாவல் (Tamil Fiction)  |9 117160 
942 |c BK 
999 |c 71214  |d 71214